Espíritu, técnica y formación militar / (Record no. 144338)

MARC details
000 -LEADER
campo de control de longitud fija 00462nam a2200157 4500
001 - NÚMERO DE CONTROL
campo de control 144338
003 - IDENTIFICADOR DE NÚMERO DE CONTROL
campo de control ES-MaACL
005 - FECHA Y HORA DE LA ÚLTIMA TRANSACCIÓN
campo de control 20230906201009.0
007 - CAMPO FIJO DE DESCRIPCIÓN FÍSICA--INFORMACIÓN GENERAL
campo de control de longitud fija t|
008 - DATOS DE LONGITUD FIJA--INFORMACIÓN GENERAL
campo de control de longitud fija 070214s1951 sp r ||||1| spa d
100 1# - ENTRADA PRINCIPAL--NOMBRE DE PERSONA
Nombre de persona Sintes Obrador, Francisco.
9 (RLIN) 106652
245 10 - MENCIÓN DEL TÍTULO
Título Espíritu, técnica y formación militar /
Mención de responsabilidad, etc. Francisco Sintes.
260 ## - PUBLICACIÓN, DISTRIBUCIÓN, ETC.
Lugar de publicación, distribución, etc. Madrid :
Nombre del editor, distribuidor, etc. [s. n.],
Fecha de publicación, distribución, etc. 1951 (
Fabricante Sèz)
300 ## - DESCRIPCIÓN FÍSICA
Extensión 297 p., 4 lám. ;
Dimensiones 21 cm.
852 ## - LOCALIZACIÓN
Ubicación ES-MaACL
Número de control de estantería D-8618
Sublocalización o colección R.32844
Holdings
Estatus retirado Estado de pérdida Estado de daño No para préstamo Biblioteca de origen Biblioteca actual Ubicación en estantería Fecha de adquisición Fuente de adquisición Total de préstamos Signatura topográfica completa Código de barras Visto por última vez Precio de reemplazo Tipo de ítem Koha
        Biblioteca del Ateneo de Madrid Biblioteca del Ateneo de Madrid Sala Valle Inclán 17/01/2008     D-8618 901150171 23/02/2023 23/02/2023 Libro impreso